Ανάλυση συστημάτων τεχνολογίας : παραγωγή, κατασκευές, επικοινωνίες, μεταφορές

Saved in:
Bibliographic Details
Main Author: Καρβούνης, Σωτήρης Κ.
Format: Book
Language:Greek
Published: Αθήνα : Σταμούλης, c1998.
Subjects:
Tags: Add Tag
No Tags, Be the first to tag this record!

MARC

LEADER 00000cam a2200000 i 4500
001 1/30074
008 060524s1998####gr | ||| |||| ||gre||
020 |a 9603511706 
035 |l 10084057 
040 |a GR-MyUA  |b gre  |e AACR2 
041 0 |a gre 
082 0 |a 303.483  |2 (22) 
100 1 |a Καρβούνης, Σωτήρης Κ. 
245 1 0 |a Ανάλυση συστημάτων τεχνολογίας :   |b παραγωγή, κατασκευές, επικοινωνίες, μεταφορές /   |c Σωτήρης Κ. Καρβούνης.  
260 |a Αθήνα :   |b Σταμούλης,   |c c1998.  
300 |a 667 σ. :   |b εικ. ;   |c 24 εκ.  
504 |a Βιβλιογραφία: σ. [641]-643. Ευρετήρια.  
650 0 0 |a Technology  |x Social aspects. 
650 0 0 |a Technological innovations  |x Social aspects. 
852 |a INST  |b CHIOS  |e 20100924  |h 303.483 ΚΑΡ  |p 005200031947  |q 005200031947  |t BK  |y 0 
852 |a INST  |b LEMNOS  |e 20100129  |h 303.483 ΚΑΡ  |p 005600000310  |q 005600000310  |t BK  |y 0 
852 |a INST  |b LESVOS  |e 20100317  |h 608.7 ΚΑΡ  |p 005100046868  |q 005100046868  |t BK  |y 0 
852 |a INST  |b SAMOS  |e 20091201  |h 303.483 ΚΑΡ  |p 005300031113  |q 005300031113  |t BK  |y 0 
852 |a INST  |b SYROS  |e 20060524  |h 303.483 ΚΑΡ  |p 005500004824  |q 005500004824  |t BK  |y 0 
852 |a INST  |b SYROS  |e 20060524  |h 303.483 ΚΑΡ  |p 005500004825  |q 005500004825  |t BK  |y 0 
901 |a BIBL3-2009-3 
901 |a BIBL5-2006-2 
901 |a BIBL6-2010-1 
901 |a BILB1-2010-1 
901 |a BIBL2-2010-3 
909 |a Σ  |b 158293 
909 |a Ε  |b 117547 
909 |a Ε  |b 117546 
909 |a Μ  |b 159298 
909 |a Λ  |b 163005 
909 |a Χ  |b 148903 
970 |a ΚΟΝΤΟΥ  |b ΠΑΡΑΣΚΕΥΗ  |z 2006/05/24